000 00559cam a2200145 4500500
005 20251012021702.0
041 _afre
042 _adc
100 1 0 _aLoizillon, Victor
_eauthor
245 0 0 _aWolfgang Hermann Paysage de fuite Traduit de l’allemand (Autriche) par Olivier Le Lay. Verdier, « Der Doppelgänger », 2025, 128 pages, 18,50 €.
260 _c2025.
500 _a73
786 0 _nÉtudes | - | 9 | 2025-09-01 | p. 126a-127 | 0014-1941
856 4 1 _uhttps://shs.cairn.info/revue-etudes-2025-9-page-126a?lang=fr&redirect-ssocas=7080
999 _c1539160
_d1539160